Watches - Statistics

General Stats
  • This quiz has been taken 776 times
  • The average score is 5 of 15
Answer Stats
Hint Answer % Correct
What watch brand is famously worn by James Bond (Daniel Craig version) Omega
96%
What brand has watches called the monzo, monaco and aquaracer? Tag Heuer
62%
What famous watch was originally created to be turned over so that it would not break while playing polo? Jaeger Lecoultre Reverso
53%
What watch brands flagship watch is El primero? Zenith
53%
What watch brand is known for its co-axial automatic movement? Omega
49%
Invented by Breguet in 1795 what complication was made to try and remove the effects of gravity on the watch movement? Tourbillon
44%
Whose Octo finissimo is the worlds thinnest automatic movement? Bulgari
36%
In what year was the Omega speedmaster first produced? 1957
31%
What watch brand sponsors Ferrari F1 team? Hublot
30%
What current watch brand is credited with first creating the wristwatch? Patek philippe
22%
What city does Panerai originate from? Florence
19%
What watch company is the official timekeeper of MotoGP? Tissot
19%
In meters what is the depth that the 2018 Rolex Deep Sea Dweller is certified to? 3900
14%
What watch company i known for using unique fluid technology to tell the time? HYT
9%
Which watch manufacturer is known for it horological and legacy machine lines? MB and F
9%
No matching quizzes found
Score Distribution
Percent of People with Each Score
Percentile by Number Answered
Your Score History
You have not taken this quiz